000 00431nab a2200145Ia 4500
003 ES-SlBCS
005 20210601125014.0
008 140529s2007 xxu||||| |||| 00| 0 eng d
041 _aeng
100 1 _aTownsend, Dabney W.
_9152556
245 0 0 _aDugald Stewart on Beauty and Taste
_c Dabney W. Townsend
600 1 4 _aStewart, Dugald
_9152557
773 0 _tMonist, the
_gvol. 90, nº. 2, 2007, págs. 271-286
_wRev1667
942 _cAR
999 _c523167
_d523167